[Event "Sants Hostafrancs op-C 18th"]
[Site "Barcelona"]
[Date "2016.08.23"]
[Round "5"]
[White "Monteagudo Aguilera, Maximo"]
[Black "Lasierra Arceiz, Javier"]
[Result "1-0"]
[WhiteElo "1759"]
[BlackElo "1492"]
[PlyCount "57"]
[EventDate "2016.08.19"]
[EventType "swiss"]
[EventRounds "10"]
[EventCountry "ESP"]
[SourceTitle "EXT 2019"]
[Source "ChessBase"]
[SourceDate "2018.10.10"]
[SourceVersion "1"]
[SourceVersionDate "2018.10.10"]
[SourceQuality "1"]

1. e4 e5 2. Nf3 Nc6 3. Bc4 h6 4. c3 Qf6 5. d4 d6 6. Be3 b6 7. Nbd2 Na5 8. Bb5+ c6 9. Ba4 b5 10. Bc2 Bg4 11. Qe2 a6 12. h3 Bh5 13. g4 Bg6 14. 0-0-0 Qe6 15. Kb1 Nc4 16. Nh4 Ne7 17. f4 exf4 18. Bxf4 Bh7 19. Bg3 a5 20. Rhe1 d5 21. Nf5 g6 22. Nxc4 bxc4 23. Nd6+ Kd7 24. Nb7 Nc8 25. Qf3 g5 26. exd5 Bxc2+ 27. Kxc2 Qxd5 28. Qf6 Rg8 29. Qd8# 1-0